[Event "Voronezh Rating op 01"]
[Site "Voronezh"]
[Date "2014.01.21"]
[Round "8"]
[White "Tarkhov, Alexey"]
[Black "Koshelev, Vladimir"]
[Result "1-0"]
[WhiteElo "1840"]
[BlackElo "1877"]
[PlyCount "23"]
[EventDate "2014.01.10"]
[EventType "swiss"]
[EventRounds "9"]
[EventCountry "RUS"]
[SourceTitle "EXT 2015"]
[Source "ChessBase"]
[SourceDate "2014.11.20"]
[SourceVersion "1"]
[SourceVersionDate "2014.11.20"]
[SourceQuality "1"]

1. f4 Nf6 2. Nf3 d6 3. d3 Nc6 4. e4 Bg4 5. Be2 Bxf3 6. Bxf3 e5 7. 0-0 Nd4 8. fxe5 dxe5 9. c3 Nxf3+ 10. Rxf3 Be7 11. Rg3 Nxe4 12. Qa4+ 1-0

[Event "Voronezh Rating op 01"]
[Site "Voronezh"]
[Date "2014.01.18"]
[Round "6"]
[White "Tarkhov, Alexey"]
[Black "Stepanischev, Gregory"]
[Result "0-1"]
[WhiteElo "1840"]
[BlackElo "1943"]
[PlyCount "66"]
[EventDate "2014.01.10"]
[EventType "swiss"]
[EventRounds "9"]
[EventCountry "RUS"]
[SourceTitle "EXT 2015"]
[Source "ChessBase"]
[SourceDate "2014.11.20"]
[SourceVersion "1"]
[SourceVersionDate "2014.11.20"]
[SourceQuality "1"]

1. e4 c6 2. d4 d5 3. e5 Bf5 4. c4 e6 5. Nf3 Ne7 6. Nc3 a6 7. Qb3 Qc7 8. c5 Nd7 9. Be2 Bg6 10. 0-0 Nf5 11. a4 b6 12. cxb6 Nxb6 13. a5 Nd7 14. Bd2 c5 15. dxc5 Bxc5 16. Rfc1 Qa7 17. Be1 0-0 18. Na4 Nd4 19. Qd1 Nxf3+ 20. gxf3 Be7 21. f4 Rfc8 22. Bc3 Bh4 23. Bd4 Qb7 24. Nb6 Nxb6 25. Bxb6 f6 26. Rxc8+ Rxc8 27. Rc1 fxe5 28. fxe5 Rf8 29. Qa4 Qe7 30. Bc5 Qg5+ 31. Qg4 Qxc1+ 32. Kg2 Qxc5 33. Qxh4 Qxa5 0-1

[Event "Voronezh Rating op 01"]
[Site "Voronezh"]
[Date "2014.01.16"]
[Round "5"]
[White "Dubchak, Yury"]
[Black "Tarkhov, Alexey"]
[Result "0-1"]
[WhiteElo "1834"]
[BlackElo "1840"]
[PlyCount "54"]
[EventDate "2014.01.10"]
[EventType "swiss"]
[EventRounds "9"]
[EventCountry "RUS"]
[SourceTitle "EXT 2015"]
[Source "ChessBase"]
[SourceDate "2014.11.20"]
[SourceVersion "1"]
[SourceVersionDate "2014.11.20"]
[SourceQuality "1"]

1. c4 e5 2. Nc3 f5 3. g3 Nf6 4. Bg2 Nc6 5. d3 Bc5 6. Nf3 0-0 7. 0-0 d6 8. Na4 Bb6 9. Nxb6 axb6 10. Bg5 Qe8 11. Bxf6 Rxf6 12. e3 f4 13. exf4 exf4 14. Ng5 Qg6 15. h4 Bf5 16. Be4 Raf8 17. Qd2 h6 18. Bd5+ Kh8 19. Ne4 Bxe4 20. Bxe4 Qg4 21. Bxc6 bxc6 22. Kg2 f3+ 23. Kh2 g5 24. Rh1 gxh4 25. Kg1 hxg3 26. Rxh6+ Kg7 27. Rxf6 Rxf6 0-1

[Event "Voronezh Rating op 01"]
[Site "Voronezh"]
[Date "2014.01.12"]
[Round "3"]
[White "Iljin, Yury"]
[Black "Tarkhov, Alexey"]
[Result "0-1"]
[WhiteElo "1814"]
[BlackElo "1840"]
[PlyCount "87"]
[EventDate "2014.01.10"]
[EventType "swiss"]
[EventRounds "9"]
[EventCountry "RUS"]
[SourceTitle "EXT 2015"]
[Source "ChessBase"]
[SourceDate "2014.11.20"]
[SourceVersion "1"]
[SourceVersionDate "2014.11.20"]
[SourceQuality "1"]

1. d4 Nf6 2. c4 e6 3. Nc3 d5 4. Nf3 c5 5. Bg5 cxd4 6. Nxd4 Be7 7. e3 Nc6 8. Nxc6 bxc6 9. cxd5 cxd5 10. Be2 0-0 11. 0-0 Rb8 12. Qc2 Qb6 13. Rab1 Bb7 14. Rfd1 Rfc8 15. Qd2 Ba8 16. Bd3 Bd8 17. Qe2 Nd7 18. Bxd8 Rxd8 19. Qh5 f5 20. Ne2 Ne5 21. Nd4 Rdc8 22. h3 Bb7 23. a3 Ba6 24. Bxa6 Qxa6 25. Qg5 Nc4 26. Qe7 Re8 27. Qd7 Qb7 28. Qxb7 Rxb7 29. Rdc1 Nd2 30. Ra1 Rxb2 31. Rc7 a5 32. Ra7 Nc4 33. Nc6 Rb5 34. Nd4 Rb6 35. Rc1 Kf8 36. g3 Re7 37. Ra8+ Kf7 38. h4 g6 39. Kg2 Rb2 40. Kg1 Nxa3 41. Rcc8 Kg7 42. Rg8+ Kh6 43. Nf3 Nc2 44. Ng5 0-1

[Event "Voronezh Rating op 01"]
[Site "Voronezh"]
[Date "2014.01.10"]
[Round "1"]
[White "Sokolovsky, Victor"]
[Black "Tarkhov, Alexey"]
[Result "1-0"]
[WhiteElo "1989"]
[BlackElo "1840"]
[PlyCount "45"]
[EventDate "2014.01.10"]
[EventType "swiss"]
[EventRounds "9"]
[EventCountry "RUS"]
[SourceTitle "EXT 2015"]
[Source "ChessBase"]
[SourceDate "2014.11.20"]
[SourceVersion "1"]
[SourceVersionDate "2014.11.20"]
[SourceQuality "1"]

1. e4 e6 2. d4 d5 3. Nc3 Nf6 4. Bd3 dxe4 5. Bxe4 Nxe4 6. Nxe4 Nc6 7. Nf3 b6 8. 0-0 Bb7 9. Re1 Be7 10. Bf4 h6 11. c4 g5 12. Be5 Nxe5 13. Nxe5 0-0 14. h4 gxh4 15. Qh5 Qxd4 16. Rad1 Qxb2 17. Re2 Qb4 18. Qxh6 Rad8 19. Rde1 Bxe4 20. Rxe4 Rd6 21. Nc6 Rd2 22. Nxe7+ Qxe7 23. Rg4+ 1-0

[Event "Voronezh-ch"]
[Site "Voronezh"]
[Date "2013.10.27"]
[Round "9"]
[White "Tarkhov, Alexey"]
[Black "Soboleva, Anastasia"]
[Result "0-1"]
[WhiteElo "1900"]
[BlackElo "1993"]
[PlyCount "78"]
[EventDate "2013.10.18"]
[EventType "swiss"]
[EventRounds "9"]
[EventCountry "RUS"]
[SourceTitle "EXT 2014"]
[Source "ChessBase"]
[SourceDate "2013.11.20"]
[SourceVersion "1"]
[SourceVersionDate "2013.11.20"]
[SourceQuality "1"]

1. f4 e5 2. fxe5 d6 3. Nf3 Bg4 4. d4 Nc6 5. Bg5 Qd7 6. exd6 Bxd6 7. e3 Nge7 8. Be2 Nf5 9. d5 Nb4 10. e4 h6 11. Bc1 Bxf3 12. Bxf3 Qe7 13. c3 Na6 14. Qa4+ Kf8 15. b4 g5 16. g3 Nxb4 17. 0-0 Nd3 18. Nd2 Ne3 19. Qd4 Ne5 20. Bh5 Nxf1 21. Kxf1 Bc5 22. Qa4 Qf6+ 23. Kg2 g4 24. Ba3 Bxa3 25. Qxa3+ Qe7 26. Qxe7+ Kxe7 27. Rf1 Rhg8 28. Rf5 Rg5 29. h4 gxh3+ 30. Kf2 Rag8 31. Nf1 Rxf5+ 32. exf5 Rg5 33. Bd1 Rxf5+ 34. Kg1 Kd6 35. Ne3 h2+ 36. Kg2 Rf2+ 37. Kh1 Rxa2 38. Bc2 Nf3 39. Nf5+ Ke5 0-1

[Event "Voronezh-ch"]
[Site "Voronezh"]
[Date "2013.10.26"]
[Round "8"]
[White "Kolybelkin, Oleg"]
[Black "Tarkhov, Alexey"]
[Result "0-1"]
[WhiteElo "1693"]
[BlackElo "1900"]
[PlyCount "58"]
[EventDate "2013.10.18"]
[EventType "swiss"]
[EventRounds "9"]
[EventCountry "RUS"]
[SourceTitle "EXT 2014"]
[Source "ChessBase"]
[SourceDate "2013.11.20"]
[SourceVersion "1"]
[SourceVersionDate "2013.11.20"]
[SourceQuality "1"]

1. e4 e6 2. d4 d5 3. e5 c5 4. c3 Nc6 5. Nf3 Qb6 6. a3 cxd4 7. cxd4 Nge7 8. b4 Nf5 9. Bb2 a5 10. b5 Be7 11. Ra2 Na7 12. Nc3 Bd7 13. Qa4 0-0 14. Bd3 Nh4 15. 0-0 Nxf3+ 16. gxf3 f6 17. f4 fxe5 18. dxe5 Rac8 19. Qd1 Rxf4 20. Bc1 Rh4 21. Be3 d4 22. Na4 Qd8 23. Bxd4 Rxd4 24. Bxh7+ Kxh7 25. Qxd4 Bxb5 26. Qe4+ Kg8 27. Re1 Bc6 28. Qg4 Qd5 29. f3 Qxa2 0-1

[Event "Voronezh-ch"]
[Site "Voronezh"]
[Date "2013.10.25"]
[Round "7"]
[White "Sokolovsky, Victor"]
[Black "Tarkhov, Alexey"]
[Result "1-0"]
[WhiteElo "1995"]
[BlackElo "1900"]
[PlyCount "93"]
[EventDate "2013.10.18"]
[EventType "swiss"]
[EventRounds "9"]
[EventCountry "RUS"]
[SourceTitle "EXT 2014"]
[Source "ChessBase"]
[SourceDate "2013.11.20"]
[SourceVersion "1"]
[SourceVersionDate "2013.11.20"]
[SourceQuality "1"]

1. e4 e6 2. d4 d5 3. Nd2 Nf6 4. e5 Nfd7 5. Ngf3 c5 6. dxc5 Bxc5 7. Nb3 Bb6 8. Bd3 Nc6 9. Qe2 Qc7 10. Bf4 Nc5 11. Nxc5 Bxc5 12. 0-0 Qb6 13. c4 dxc4 14. Bxc4 Bd7 15. Rfd1 h6 16. a3 0-0-0 17. b4 Nd4 18. Qd2 Nxf3+ 19. gxf3 Be7 20. Be3 Qc7 21. Rdc1 Kb8 22. Qd4 b6 23. Bxe6 Bc6 24. Qc4 Rc8 25. Bxc8 Rxc8 26. b5 Bxf3 27. Qxc7+ Rxc7 28. Rxc7 Kxc7 29. Kf1 Kb7 30. Ke1 a6 31. a4 Bb4+ 32. Bd2 Bc5 33. Bc3 Be4 34. Ke2 axb5 35. axb5 Bd5 36. Kd3 g5 37. Bd4 Bb4 38. Ra6 Ba5 39. Bc3 Bxc3 40. Kxc3 Be4 41. Ra4 Bf5 42. h4 Bh3 43. Ra1 Bf5 44. hxg5 h5 45. Rh1 Bg4 46. Kd3 Kc7 47. Ke3 1-0

[Event "Voronezh-ch"]
[Site "Voronezh"]
[Date "2013.10.24"]
[Round "6"]
[White "Tarkhov, Alexey"]
[Black "Chupakhin, Alexey"]
[Result "1/2-1/2"]
[WhiteElo "1900"]
[BlackElo "1702"]
[PlyCount "62"]
[EventDate "2013.10.18"]
[EventType "swiss"]
[EventRounds "9"]
[EventCountry "RUS"]
[SourceTitle "EXT 2014"]
[Source "ChessBase"]
[SourceDate "2013.11.20"]
[SourceVersion "1"]
[SourceVersionDate "2013.11.20"]
[SourceQuality "1"]

1. e4 Nc6 2. d4 e5 3. d5 Nce7 4. Nc3 Ng6 5. Be3 Bb4 6. a3 Bxc3+ 7. bxc3 d6 8. Rb1 b6 9. Bd3 Nh4 10. Bb5+ Bd7 11. Qg4 Ng6 12. Bg5 Qc8 13. Qe2 Bxb5 14. Qxb5+ Qd7 15. a4 Qxb5 16. axb5 a5 17. bxa6 Rxa6 18. Ne2 h6 19. Be3 Nf6 20. f3 0-0 21. Kd2 Rfa8 22. g4 Nh4 23. Rhf1 Nh7 24. Ng1 Ng5 25. Bxg5 hxg5 26. Ne2 Ra4 27. Ng3 g6 28. Ne2 Kf8 29. Rbd1 Ke7 30. Nc1 Ra1 31. Ke2 R8a3 1/2-1/2

[Event "Voronezh-ch"]
[Site "Voronezh"]
[Date "2013.10.23"]
[Round "5"]
[White "Leun, Victor"]
[Black "Tarkhov, Alexey"]
[Result "0-1"]
[WhiteElo "1919"]
[BlackElo "1900"]
[PlyCount "48"]
[EventDate "2013.10.18"]
[EventType "swiss"]
[EventRounds "9"]
[EventCountry "RUS"]
[SourceTitle "EXT 2014"]
[Source "ChessBase"]
[SourceDate "2013.11.20"]
[SourceVersion "1"]
[SourceVersionDate "2013.11.20"]
[SourceQuality "1"]

1. e4 e6 2. d4 d5 3. e5 c5 4. c3 Nc6 5. Be3 Qb6 6. Qd2 cxd4 7. cxd4 Bb4 8. Nc3 f6 9. f4 fxe5 10. fxe5 Nge7 11. a3 Bxc3 12. bxc3 Nf5 13. Nf3 Na5 14. Qd3 Nc4 15. Bg5 Qb2 16. Rd1 Qxa3 17. Be2 Bd7 18. Rb1 h6 19. Bc1 Qa6 20. 0-0 0-0 21. g4 Ne7 22. g5 Be8 23. gxh6 Bg6 24. hxg7 Kxg7 0-1

[Event "Voronezh-ch"]
[Site "Voronezh"]
[Date "2013.10.20"]
[Round "3"]
[White "Tarkhov, Alexey"]
[Black "Malikov, Sergey Konstantinov"]
[Result "0-1"]
[WhiteElo "1900"]
[BlackElo "1830"]
[PlyCount "84"]
[EventDate "2013.10.18"]
[EventType "swiss"]
[EventRounds "9"]
[EventCountry "RUS"]
[SourceTitle "EXT 2014"]
[Source "ChessBase"]
[SourceDate "2013.11.20"]
[SourceVersion "1"]
[SourceVersionDate "2013.11.20"]
[SourceQuality "1"]

1. e4 e5 2. Nf3 Nf6 3. Nxe5 d6 4. Nc4 Nxe4 5. d3 Nf6 6. Be2 Be7 7. 0-0 0-0 8. Bf3 Nbd7 9. Nc3 c6 10. Bf4 Nb6 11. Nxb6 Qxb6 12. Re1 Qd8 13. Qd2 Be6 14. Re2 d5 15. Rae1 Bb4 16. a3 Ba5 17. b4 Bc7 18. Bg5 Qd6 19. g3 Bf5 20. Re5 Bh3 21. Bf4 Qd8 22. Re7 Bxf4 23. Qxf4 Be6 24. Rxb7 Ne8 25. Rxe6 fxe6 26. Qg4 Qf6 27. Qf4 Qxf4 28. gxf4 Rxf4 29. Bg2 Rf7 30. Rxf7 Kxf7 31. b5 Nf6 32. bxc6 Rc8 33. Nb5 Rxc6 34. c4 Rc5 35. Nxa7 Ke7 36. Bf1 dxc4 37. dxc4 Ne4 38. Bd3 Nd6 39. Bxh7 Rxc4 40. Kg2 Rc7 41. Nb5 Nxb5 42. a4 Nc3 0-1

[Event "Voronezh-ch"]
[Site "Voronezh"]
[Date "2013.10.19"]
[Round "2"]
[White "Zhileykin, Andrey"]
[Black "Tarkhov, Alexey"]
[Result "1-0"]
[WhiteElo "1981"]
[BlackElo "1900"]
[PlyCount "63"]
[EventDate "2013.10.18"]
[EventType "swiss"]
[EventRounds "9"]
[EventCountry "RUS"]
[SourceTitle "EXT 2014"]
[Source "ChessBase"]
[SourceDate "2013.11.20"]
[SourceVersion "1"]
[SourceVersionDate "2013.11.20"]
[SourceQuality "1"]

1. d4 Nf6 2. Nf3 e6 3. c4 d5 4. Nc3 c5 5. cxd5 cxd4 6. Qa4+ Bd7 7. Qxd4 exd5 8. Nxd5 Qa5+ 9. Nc3 Nc6 10. Qd1 0-0-0 11. Bd2 Bf5 12. a3 Be7 13. b4 Qb6 14. e3 Ne4 15. Nxe4 Bxe4 16. Be2 Bf6 17. Rc1 Kb8 18. Rc5 Rd7 19. Qc1 Be7 20. Rb5 Qc7 21. Ne5 Nxe5 22. Qxc7+ Rxc7 23. Rxe5 Bxg2 24. Rg1 Bh3 25. Rh5 Be6 26. e4 Rc2 27. Rxg7 Rd8 28. Bf4+ Kc8 29. Rgxh7 Ra2 30. Be5 Rdd2 31. Rh8+ Kd7 32. Bb5# 1-0

[Event "Voronezh-ch"]
[Site "Voronezh"]
[Date "2013.10.18"]
[Round "1"]
[White "Tarkhov, Alexey"]
[Black "Gasparian, Haik"]
[Result "0-1"]
[WhiteElo "1900"]
[BlackElo "2047"]
[PlyCount "110"]
[EventDate "2013.10.18"]
[EventType "swiss"]
[EventRounds "9"]
[EventCountry "RUS"]
[SourceTitle "EXT 2014"]
[Source "ChessBase"]
[SourceDate "2013.11.20"]
[SourceVersion "1"]
[SourceVersionDate "2013.11.20"]
[SourceQuality "1"]

1. e4 e5 2. Nf3 Nc6 3. Bc4 Nf6 4. Nc3 Nxe4 5. Bxf7+ Kxf7 6. Nxe4 d5 7. Neg5+ Kg8 8. d4 h6 9. Nh3 e4 10. Ne5 Qf6 11. Nf4 Nxe5 12. dxe5 Qxe5 13. Nxd5 c6 14. Nf4 Kh7 15. 0-0 Bd6 16. Qh5 Rf8 17. Qxe5 Bxe5 18. Ne2 Bf5 19. Ng3 Bg6 20. Re1 Bd4 21. Re2 Rad8 22. c3 Bb6 23. Be3 Bc7 24. Bc5 Rfe8 25. Rae1 b6 26. Ba3 Bf4 27. Nf1 Re6 28. b3 Rde8 29. Bc1 Be5 30. Bd2 Bd6 31. Ng3 a5 32. Be3 b5 33. Bd2 Kg8 34. Nf1 Kf7 35. h3 h5 36. Ne3 Rd8 37. c4 b4 38. Bc1 Be5 39. Bb2 Bf4 40. Nf1 h4 41. f3 Rde8 42. fxe4 Rxe4 43. Rxe4 Rxe4 44. Rxe4 Bxe4 45. c5 Bb1 46. a3 Bc2 47. axb4 axb4 48. Kf2 Bxb3 49. Kf3 g5 50. g3 hxg3 51. Nxg3 Ke6 52. Ne2 Bd1 53. Kf2 Bxe2 54. Kxe2 Kd5 55. Kd3 Kxc5 0-1

[Event "Voronezh Winter op"]
[Site "Voronezh"]
[Date "2013.01.26"]
[Round "7"]
[White "Zharkikh, Sergey"]
[Black "Tarkhov, Alexey"]
[Result "1-0"]
[WhiteElo "1836"]
[BlackElo "1898"]
[PlyCount "87"]
[EventDate "2013.01.15"]
[EventType "swiss"]
[EventRounds "9"]
[EventCountry "RUS"]
[SourceTitle "EXT 2014"]
[Source "ChessBase"]
[SourceDate "2013.11.20"]
[SourceVersion "1"]
[SourceVersionDate "2013.11.20"]
[SourceQuality "1"]

1. d4 Nf6 2. c4 e5 3. dxe5 Ng4 4. Nf3 Nc6 5. Bf4 Bc5 6. e3 Bb4+ 7. Nbd2 Qe7 8. a3 Bxd2+ 9. Qxd2 Ngxe5 10. Nxe5 Nxe5 11. Be2 0-0 12. 0-0 d6 13. Rac1 b6 14. b4 Bb7 15. Rfd1 Rfe8 16. Qd4 Nd7 17. Bg4 Nf6 18. Be2 Nd7 19. h3 a5 20. Ra1 f6 21. Bd3 Ne5 22. Bc2 axb4 23. axb4 Qd7 24. c5 bxc5 25. bxc5 Qc6 26. f3 dxc5 27. Qc3 Nxf3+ 28. gxf3 Qxf3 29. Qc4+ Kh8 30. Qf1 Qh1+ 31. Kf2 Qf3+ 32. Ke1 Qc6 33. Rxa8 Bxa8 34. Qf2 g5 35. Bh2 Bb7 36. e4 c4 37. Qd4 c3 38. Rb1 Re6 39. Rxb7 Qxb7 40. Qd8+ Kg7 41. Qd7+ Kh6 42. Qxe6 Qb2 43. Qxf6+ Kh5 44. Bd1+ 1-0

[Event "Voronezh Winter op"]
[Site "Voronezh"]
[Date "2013.01.22"]
[Round "5"]
[White "Malin, Alexey"]
[Black "Tarkhov, Alexey"]
[Result "1-0"]
[WhiteElo "1643"]
[BlackElo "1898"]
[PlyCount "81"]
[EventDate "2013.01.15"]
[EventType "swiss"]
[EventRounds "9"]
[EventCountry "RUS"]
[SourceTitle "EXT 2014"]
[Source "ChessBase"]
[SourceDate "2013.11.20"]
[SourceVersion "1"]
[SourceVersionDate "2013.11.20"]
[SourceQuality "1"]

1. e4 e5 2. Nf3 f5 3. exf5 e4 4. Qe2 Nf6 5. d3 d5 6. dxe4 dxe4 7. Ng5 Bxf5 8. Qb5+ Bd7 9. Qxb7 Nc6 10. Bc4 Rb8 11. Qa6 Nb4 12. Bf7+ Ke7 13. Qc4 Bf5 14. Be3 Qd7 15. 0-0 h6 16. Bc5+ Kd8 17. Ne6+ Bxe6 18. Bxe6 Qc6 19. Rd1+ Bd6 20. a3 Nbd5 21. Bxd5 Qxc5 22. Qxc5 Bxc5 23. b4 Bd6 24. c4 Be5 25. Ra2 Ke7 26. Re2 Rhd8 27. Rde1 Kf8 28. Bxe4 Nxe4 29. Rxe4 Bf6 30. g3 Rd3 31. R4e3 Rd4 32. c5 Rbd8 33. Nc3 Rd2 34. Nb5 Ra2 35. Nxc7 Rdd2 36. Rf3 Kg8 37. Nb5 a6 38. c6 Rac2 39. c7 Kh7 40. Nc3 Bxc3 41. c8Q 1-0

[Event "Voronezh Winter op"]
[Site "Voronezh"]
[Date "2013.01.20"]
[Round "4"]
[White "Tarkhov, Alexey"]
[Black "Sizintsev, Alexey"]
[Result "1/2-1/2"]
[WhiteElo "1898"]
[BlackElo "1740"]
[PlyCount "106"]
[EventDate "2013.01.15"]
[EventType "swiss"]
[EventRounds "9"]
[EventCountry "RUS"]
[SourceTitle "EXT 2014"]
[Source "ChessBase"]
[SourceDate "2013.11.20"]
[SourceVersion "1"]
[SourceVersionDate "2013.11.20"]
[SourceQuality "1"]

1. e4 e5 2. Nf3 Nc6 3. Bc4 Nf6 4. Nc3 Bc5 5. d3 h6 6. Be3 Bb6 7. Nd5 0-0 8. Qd2 Bxe3 9. fxe3 d6 10. 0-0 Nxd5 11. Bxd5 Be6 12. Bb3 Bxb3 13. axb3 d5 14. exd5 Qxd5 15. e4 Qc5+ 16. Kh1 Nd4 17. Nxd4 Qxd4 18. Qc3 Qxc3 19. bxc3 Rfd8 20. Ra5 f6 21. Rfa1 a6 22. b4 Rd6 23. c4 c6 24. Kg1 Kf7 25. Kf2 Ke6 26. Ke3 g6 27. g4 Rg8 28. b5 cxb5 29. cxb5 Rc8 30. R1a2 Kf7 31. c4 Rcd8 32. R2a3 axb5 33. Rxb5 R6d7 34. Rab3 Rb8 35. Rb6 g5 36. c5 Rc8 37. Rxb7 Rxb7 38. Rxb7+ Ke6 39. Rb6+ Ke7 40. d4 exd4+ 41. Kxd4 Rd8+ 42. Kc3 Rd1 43. Rb7+ Ke6 44. Rh7 Re1 45. Kd4 Rd1+ 46. Kc4 Ke5 47. Rxh6 Rd4+ 48. Kb5 Rxe4 49. c6 Re1 50. Kb6 Rb1+ 51. Ka7 Kd6 52. Rxf6+ Kc7 53. Ka6 Rb2 1/2-1/2

[Event "Voronezh Winter op"]
[Site "Voronezh"]
[Date "2013.01.19"]
[Round "3"]
[White "Usachev, Nikita"]
[Black "Tarkhov, Alexey"]
[Result "0-1"]
[WhiteElo "1703"]
[BlackElo "1898"]
[PlyCount "100"]
[EventDate "2013.01.15"]
[EventType "swiss"]
[EventRounds "9"]
[EventCountry "RUS"]
[SourceTitle "EXT 2014"]
[Source "ChessBase"]
[SourceDate "2013.11.20"]
[SourceVersion "1"]
[SourceVersionDate "2013.11.20"]
[SourceQuality "1"]

1. d4 Nf6 2. Nf3 d5 3. Bf4 e6 4. e3 c5 5. c3 Nc6 6. Nbd2 Bd7 7. Bd3 c4 8. Bc2 Be7 9. 0-0 0-0 10. Re1 Nh5 11. Ne5 g6 12. Bh6 Re8 13. f4 b5 14. Qg4 f5 15. Qe2 Nf6 16. Kh1 b4 17. Ndf3 a5 18. Nxd7 Qxd7 19. Ba4 Bd6 20. Bg5 Ne4 21. Qc2 Rab8 22. Reb1 Qc7 23. Bh4 Rb6 24. Bxc6 Qxc6 25. Nd2 Reb8 26. Nxe4 fxe4 27. Be1 Qb7 28. Bd2 bxc3 29. Bxc3 Bb4 30. Rc1 Bxc3 31. bxc3 Rb2 32. Qd1 Qb5 33. h3 a4 34. h4 Qe8 35. Rc2 a3 36. Rac1 Qe7 37. g3 Qf8 38. Kh2 Qf5 39. g4 Qf8 40. Kg3 Kh8 41. Qd2 Qe8 42. Qe2 Qb5 43. Qh2 Rxc2 44. Rxc2 Qb1 45. f5 exf5 46. Kh3 Qf1+ 47. Qg2 fxg4+ 48. Kxg4 Qxg2+ 49. Rxg2 Rb2 50. Kg3 Kg7 0-1

[Event "Voronezh Winter op"]
[Site "Voronezh"]
[Date "2013.01.15"]
[Round "1"]
[White "Chupakhin, Alexey"]
[Black "Tarkhov, Alexey"]
[Result "0-1"]
[WhiteElo "1717"]
[BlackElo "1898"]
[PlyCount "52"]
[EventDate "2013.01.15"]
[EventType "swiss"]
[EventRounds "9"]
[EventCountry "RUS"]
[SourceTitle "EXT 2014"]
[Source "ChessBase"]
[SourceDate "2013.11.20"]
[SourceVersion "1"]
[SourceVersionDate "2013.11.20"]
[SourceQuality "1"]

1. c4 c6 2. d4 d5 3. e3 Nf6 4. Nc3 Nbd7 5. Bd3 e5 6. dxe5 Nxe5 7. Qe2 dxc4 8. Bxc4 b5 9. Bb3 Nd3+ 10. Kf1 b4 11. Bc4 Nxc1 12. Rxc1 bxc3 13. Rxc3 Be7 14. Nf3 Bg4 15. h3 Bh5 16. g4 Bg6 17. Ne5 Qb6 18. Nxg6 hxg6 19. e4 Qd4 20. Bd3 Rd8 21. Bc2 0-0 22. Qc4 Qxc4+ 23. Rxc4 c5 24. f4 Rd2 25. g5 Nh5 26. f5 Ng3+ 0-1